Navrhování a provádění betonových konstrukcí podle nových evropských norem (EN 206-1,ENV 1) : Sborník k semináři./Praha,Stavební fakulta ČVUT,ČR,6.6.2001

Guardado en:
Detalles Bibliográficos
Formato: Libro
Lenguaje:checo
Publicado: Praha : Česká betonářská společnost, 2001
Etiquetas: Agregar Etiqueta
Sin Etiquetas, Sea el primero en etiquetar este registro!

MARC

LEADER 00000nam a22000003a 4500
001 stu58639
005 20150408175739.7
008 010711s2001----xr------------------cze-d
020 |a 80-238-7176-5 
040 |a STU  |b slo 
041 0 |a cze 
044 |a xr 
080 |a 624.012.3/.4  |7 stu_us_auth*stu4207 
080 |a 006 
080 |a 061.3(437.1) 
245 |a Navrhování a provádění betonových konstrukcí podle nových evropských norem (EN 206-1,ENV 1) :  |b Sborník k semináři./Praha,Stavební fakulta ČVUT,ČR,6.6.2001 
260 |a Praha :  |b Česká betonářská společnost,  |c 2001 
300 |a [99 s 
996 |c V*1371/sc-01  |l VV1  |s P  |a 0  |w stu58639_0001